| 000 | 00498nam a22001697a 4500 | ||
|---|---|---|---|
| 003 | OSt | ||
| 005 | 20140310182511.0 | ||
| 008 | 130808t xxu||||| |||| 00| 0 eng d | ||
| 020 | _a9789715848572 | ||
| 050 |
_aPL 6055 _b.At862 2009 |
||
| 100 |
_aAtanacio, Heidi C. _99043 |
||
| 245 |
_aPagbasa at pagsulat tungo sa pananaliksik / _cHeidi C. Atanacio. |
||
| 260 |
_aPhilippines : _bC & E Publishing, Inc., _cc2009. |
||
| 300 |
_a191 p. : _bill. ; _c25 cm. |
||
| 942 |
_2lcc _cSSLC |
||
| 999 |
_c13917 _d13917 |
||